Nevyhadzujte svoju starú!

Bibliographic Details
Format: Article
Language:Slovak
ISSN:1336-393X
Subjects:

MARC

LEADER 00000nab a2200000 a 4500
001 vtls009464560
003 SK-MaSNL
005 20260426090036.0
008 250507c2008 xo mr|p|||||||000 b|slo
015 |a SNBRB2009/01  |2 snkbucl 
035 |a urn:nbn:sk:snk-ab8be7 
035 |a (urnnbn)urn:nbn:sk:snk:ar-a07tlq 
035 |a (uuid)5f4a8eaa-18b1-411d-b80d-f7f7a5196b11 
038 |a SNKBUCL 
040 |a SNKBUCL  |b slo  |c SNKBUCL  |e AACR2 
041 0 |a slo 
044 |a xo  |c SK 
080 |a 628.4.043/.045:621.3  |x (437.6)  |2 2001 
080 |a 621.3  |2 2001 
245 0 0 |a Nevyhadzujte svoju starú!  |c [autor] (BH) 
650 0 7 |a elektroodpad  |2 snkbucl  |9 79496 
650 0 7 |a zber odpadu  |2 snkbucl  |9 31175 
650 0 7 |a recyklácia odpadu  |2 snkbucl  |9 29450 
651 7 |a Slovensko  |2 snkbucl  |9 14231 
773 0 |t Eurobiznis  |g Roč. 8., č. 12 (2008), s. [44]-45  |x 1336-393X 
850 |a Slovenská národná knižnica 
852 |a Slovenská národná knižnica 
954 |a odborná, vedecká literatúra pôvodná (slovenská)  |2 lita 
958 |a article9 
958 |a OND 
958 |a SK 
958 |a EUIPO 
999 |c 2978613  |d 2980543